000 00424nam a2200157Ia 4500
008 240729s9999 xx 000 0 und d
022 _a2614-3496
245 0 _aJournal of Nursing Practice
260 _aIndonesia
260 _bInstitut Ilmu Kesehatan STRADA Indonesia
650 _a Nursing
650 _aMedicine
856 _uhttps://doaj.org/toc/610fdaae6fa1497585537932f54fc8ee
942 _2ddc
942 _cDOAJEJ
999 _c65859
_d65859
945 _a1
_bMadushi Gamage
_c1
_dMadushi Gamage